Normal view
MARC view
- Digital Forensics
Entry Topical Term
001 - CONTROL NUMBER
- control field: 6558
003 - CONTROL NUMBER IDENTIFIER
- control field: JO-AjAnu
005 - DATE AND TIME OF LATEST TRANSACTION
- control field: 20230606071349.0
008 - FIXED-LENGTH DATA ELEMENTS
- fixed length control field: 230606|| aca||aabn | a|a d
040 ## - CATALOGING SOURCE
- Original cataloging agency: JO-AjAnu
- Transcribing agency: JO-AjAnu
150 ## - HEADING--TOPICAL TERM
- Topical term or geographic name entry element: Digital Forensics
670 ## - SOURCE DATA FOUND
- Source citation: Work cat.: (JO-AjAnu)3399: Johansen, Gerard , author 6557, Digital Forensics and Incident Response: Incident response techniques and procedures to respond to modern cyber threats